Eurologistyka przeslanki, metody, koncepcje
Gespeichert in:
| Weitere Verfasser: | |
|---|---|
| Format: | Buch |
| Sprache: | Polnisch |
| Veröffentlicht: |
Poznan
Wydawnictwo Akademii Ekonomicznej w Poznaniu
2001
|
| Schriftenreihe: | Zeszyty naukowe
10 |
| Schlagworte: | |
| Tags: |
Keine Tags, Fügen Sie das erste Tag hinzu!
|
MARC
| LEADER | 00000nam a2200000 4500 | ||
|---|---|---|---|
| 001 | c128677 | ||
| 005 | 20221221091458.2 | ||
| 020 | |a 83-88222-73-2 | ||
| 022 | |a 1641-2168 | ||
| 041 | 0 | |a pol | |
| 044 | |a PL | ||
| 245 | 1 | 0 | |a Eurologistyka |b przeslanki, metody, koncepcje |c Redaktor naukowy: Elzbieta Golembska |
| 264 | 1 | |a Poznan |b Wydawnictwo Akademii Ekonomicznej w Poznaniu |c 2001 | |
| 300 | |a 84 s. | ||
| 490 | 1 | |a Zeszyty naukowe |v 10 | |
| 830 | 0 | |a Zeszyty naukowe |v 10 | |
| 610 | 2 | 0 | |a logistika |
| 610 | 2 | 0 | |a eurologistika |
| 610 | 2 | 0 | |a zásoby |
| 610 | 2 | 0 | |a organizácia |
| 610 | 2 | 0 | |a doprava |
| 610 | 2 | 0 | |a regióny |
| 610 | 2 | 0 | |a porovnanie medzinárodné |
| 610 | 2 | 0 | |a internacionalizácia |
| 700 | 1 | |a Golembska, Elzbieta | |